000 01132nam a2200313 i 4500
003 DO-SdBNP
005 20250610085021.0
007 ta
008 221031b2021 dr ||||er ||| 00| 0 spa d
020 _a9789945927856
040 _aDO-SdBNP
_bspa
_cBNPHU
_erda
082 4 _222
_axxxxx
_bZ12i
100 1 _aZabala Arguelles, María del Carmen
_982613
245 1 4 _aLas investigaciones sobre pobreza, vulnerabilidad y marginación en la Cuba actual :
_bconsensos y propuestas a la política social /
_cMaría del Carmen Zabala Arguelles
264 1 _aSanto Domingo :
_bFundación Friedrich Ebert Stiftung,
_c2021.
300 _a8 páginas
_c30 cm.
336 _2rdacontent
_atexto
_btxt
337 _2rdamedia
_asin mediación
_bn
338 _2rdacurrier
_avolumen
_bnc
490 1 _aTrabajo y Justicia Social ;
490 1 _aPerspectiva ;
500 _aIncluye datos biográficos de la autora en la última página.
500 _aEn cooperación con FRACSO.
504 _aBibliografía : p. 8
590 _aInventariado, 2023/ YL
650 4 _aPobreza y desempleo
_983923
910 _aYLockward
942 _2ddc
_cLF2
999 _c54361
_d54361